000 00464nam a22001097a 4500
008 110706t xxu||||| |||| 00| 0 eng d
010 _aHCROF146
245 _aHigh Court Criminal Revisional Order No. 6 OF 1991 (Original Criminal Case No. MFP 51/91 Bundibugyo) Uganda Vs Kunobwa Dewa
260 _c1991
500 _aBEFORE: THE HONOURABLE MR. JUSTICE I. MUKANZA
999 _c4575
_d4575